01326cam a2200361 a 4500952013400000999001700134001000900151003000400160005001700164008004100181010001700222020001500239025002700254035002600281037006300307040001400370042001000384043001200394050002400406082002200430100003700452245006700489246001600556260004200572300002500614504006400639600003400703650003600737651006200773651003400835906004500869942005000914 00102ddc40708NFICaMESbMEScMGCd2019-02-20g350.00l0o954.035092 CHA/Mp39190r2019-02-20 00:00:00w2019-02-20yBKzGR11R4 c34997d3499714834974OSt20210206115342.0070321s2007 ii b 001 0beng  a 2007391882 a8174365060 aI-E-2007-391882; 61-90 a(IN-NdUBS)UBS07000753 bLibrary of Congress -- New Delhi Overseas OfficecRs350.00 aDLCcoclc alcode aa-ii---00aDS481.G3bC445 2007 a954.035092bCHA/M1 aChakrabarty, Bidyut,d1958-913910aMahatma Gandhi :ba Historical Biography /cBidyut Chakrabarty14aM.K. Gandhi aNew Delhi :bLotus Collection,c2007. aix, 326 p. ;c23 cm. aIncludes bibliographical references (p. 316-322) and index.00aGandhi,cMahatma,d1869-1948. 0aNationalistszIndiavBiography. 0aIndiaxHistoryxBritish occupation, 1765-1947vBiography. 0aIndiaxHistoryy20th century. a7bcbccorigoded3encipf20gy-gencatlg 2ddccBKh954.035092iCHA/Mk954.035092mCHA/M